000 00618nam a2200253Ia 4500
003 OSt
005 20221007105736.0
006 a|||||r|||| 00| 0
007 ta
008 221006b |||||||| |||| 00| 0 eng d
024 _a19,419
037 _cTextual
040 _aLCO
_cLCO
_beng
041 _2eng
_aeng
082 _aZ2,193, L2
100 _aGhosh S.K
245 0 _aLaw and Order
250 _a1st
260 _aCalcutta
_bEastern Law House India
_c1972
300 _a187
650 _aLAW AND ORDER
_9706824
942 _hZ2,193, L2
_cTEXL
999 _c1188982
_d1188982